| 000 | 00917nam0a22002531 4500 | ||
|---|---|---|---|
| 001 | rc\2831332 | ||
| 005 | 20250529201456.0 | ||
| 035 | _a(NLR Aleph) 006989284 | ||
| 090 |
_a5610515 _c5610515 |
||
| 100 | _a20110625d1929 |||y0rusy50 ca | ||
| 101 | 0 | _arus | |
| 102 | _aRU | ||
| 105 | _aa z ||||| | ||
| 200 | 1 |
_aСамоучитель кройки и шитья _fР.В. Ивасенко _gВ обр. и под ред. И.Д. Дейкиной |
|
| 205 | _a4-е изд., испр. и доп. | ||
| 210 |
_a[Тверь] _cИзд. автора _d1929 _gТверск. гостип. им. К. Маркса |
||
| 215 |
_a194, V с., 1 вкл. л. черт. _cил., черт. _d26×18 см |
||
| 700 | 1 |
_aИвасенко _bР.В. |
|
| 702 | 1 |
_aДейкина _bИ.Д. _gИллария Дмитриевна _4340 |
|
| 801 | 0 |
_aRU _bNLR _gpsbo |
|
| 801 | 1 |
_aRU _bELAR _2rusmarc |
|
| 852 |
_aNLR _j30.5/59 |
||
| 942 | _cBOOK | ||
| 980 | _aNB | ||